[Event "13th Goodricke"]
[Site "Calcutta IND"]
[Date "2002.03.22"]
[Round "6"]
[White "Koneru,H"]
[Black "Wong Zi Jing"]
[Result "1-0"]
[WhiteElo "2539"]
[BlackElo "2256"]
[EventDate "2002.03.17"]

1. Nf3 Nf6 2. d4 c5 3. d5 g6 4. Nc3 d6 5. e4 Bg7 6. Be2 O-O 7. O-O Na6 8.
h3 Nc7 9. a4 b6 10. Bf4 a6 11. Re1 Bb7 12. Bc4 Qd7 13. Qd3 Nh5 14. Bh2 Bh6
15. e5 f5 16. Rab1 a5 17. Nb5 Nf4 18. Bxf4 Bxf4 19. g3 Bh6 20. exd6 exd6
21. Ne5 dxe5 22. Nxc7 e4 23. Qb3 Qd6 24. Nxa8 Bxa8 25. Re2 Bb7 26. Rbe1 Bc8
27. Kg2 g5 28. f3 g4 29. hxg4 fxg4 30. f4 Bf5 31. Qe3 Bg7 32. c3 h5 33. Rh1
Bg6 34. Rf2 Bh6 35. Bb3 Re8 36. Re2 Bf7 37. Qd2 Qg6 38. Bc2 Qf5 39. c4 Bg7
40. Rhe1 h4 41. gxh4 Qh5 42. Bxe4 Rxe4 43. Rxe4 Qxh4 44. Rh1 Qf6 45. d6
Qxb2 46. Qxb2 Bxb2 47. Rb1 Bf6 48. Rxb6 1-0

[Event "13th Goodricke"]
[Site "Calcutta IND"]
[Date "2002.03.22"]
[Round "6"]
[White "Barua,D"]
[Black "Konguvel,P"]
[Result "1-0"]
[WhiteElo "2515"]
[BlackElo "2404"]
[EventDate "2002.03.17"]

1. e4 c5 2. Nf3 d6 3. d4 cxd4 4. Nxd4 Nf6 5. Nc3 g6 6. Be2 Bg7 7. O-O O-O
8. Be3 Nc6 9. Nb3 Be6 10. f4 Rc8 11. Kh1 a6 12. Bf3 Nd7 13. Qe1 b5 14. Rd1
b4 15. Nd5 Bxb2 16. e5 Bxd5 17. Bxd5 e6 18. Bc4 d5 19. Bxa6 Rb8 20. Rf3 Qe7
21. Bf2 Bc3 22. Qe2 f6 23. Bh4 Qf7 24. Bb5 Rbc8 25. a4 fxe5 26. fxe5 Qg7
27. Rxf8+ Qxf8 28. Rf1 Qh6 29. Qg4 Nf8 30. Bxc6 Rxc6 31. Be7 Nd7 32. Bd6 g5
33. Nd4 Bxd4 34. Qxd4 Qg7 35. Qxb4 Rxc2 36. a5 Qf7 37. Qe1 Qh5 38. h3 Ra2
39. Qc1 Qe8 40. Qxg5+ Kh8 41. Bc7 Rc2 42. Bd8 d4 43. Bf6+ Nxf6 44. Qxf6+
Kg8 45. Rf4 h5 46. Qg5+ Kh8 47. Rf6 1-0

[Event "13th Goodricke"]
[Site "Calcutta IND"]
[Date "2002.03.22"]
[Round "6"]
[White "Prakash,G"]
[Black "Saravanan,V"]
[Result "1-0"]
[WhiteElo "2451"]
[BlackElo "2393"]
[EventDate "2002.03.17"]

1. d4 g6 2. c4 Bg7 3. e4 Nc6 4. Nf3 d6 5. d5 Ne5 6. Nxe5 Bxe5 7. Bd3 Bg7 8.
O-O Nf6 9. Bd2 O-O 10. Bc3 e5 11. Nd2 Nd7 12. b4 f5 13. exf5 gxf5 14. Qc2
e4 15. Bxg7 Kxg7 16. Be2 Qf6 17. a3 Ne5 18. Rac1 a5 19. f4 exf3 20. Nxf3
axb4 21. axb4 Ra3 22. c5 Ng4 23. cxd6 cxd6 24. Qd2 Kh8 25. Rc7 Rg8 26. Rfc1
Ra1 27. Bf1 Re8 28. h3 Ne5 29. Nxe5 Qxe5 30. Qh6 1-0

[Event "13th Goodricke"]
[Site "Calcutta IND"]
[Date "2002.03.22"]
[Round "6"]
[White "Al Sayed,Mohamad"]
[Black "Ravi,T"]
[Result "1/2-1/2"]
[WhiteElo "2413"]
[BlackElo "2357"]
[EventDate "2002.03.17"]

1. e4 e5 2. Nf3 Nc6 3. Bc4 Bc5 4. c3 Nf6 5. d3 a6 6. Bb3 d6 7. O-O Ba7 8.
Re1 O-O 9. h3 h6 10. Nbd2 Nh5 11. Nf1 Qf6 12. Be3 Nf4 13. Ng3 g6 14. Nh2
Be6 15. Qf3 Qh4 16. d4 Bxb3 17. axb3 Ne7 18. Rad1 f6 19. Bxf4 Qxf4 20. Qd3
f5 21. Nf3 d5 22. exd5 e4 23. Qc4 b5 24. Qe2 Nxd5 25. Ne5 Kh7 26. Nf1 Qg5
27. g3 Nf4 28. Qe3 Nxh3+ 29. Kg2 f4 30. Qxe4 fxg3 31. fxg3 Nf2 32. Qd5 Rad8
33. Qc6 Qh5 34. Kg1 Nh3+ 35. Kh1 Nf2+ 36. Kg1 Nh3+ 37. Kh1 Nf2+ 38. Kg1
1/2-1/2

[Event "13th Goodricke"]
[Site "Calcutta IND"]
[Date "2002.03.22"]
[Round "6"]
[White "Sengupta,D"]
[Black "Sundararajan,K"]
[Result "1/2-1/2"]
[WhiteElo "2292"]
[BlackElo "2412"]
[EventDate "2002.03.17"]

1. e4 c6 2. d4 d5 3. Nc3 dxe4 4. Nxe4 Nd7 5. Nf3 Ngf6 6. Bd3 Nxe4 7. Bxe4
Nf6 8. Bd3 Bg4 9. c3 e6 10. O-O Be7 11. h3 Bh5 12. Be2 O-O 13. Ne5 Bxe2 14.
Qxe2 Nd5 15. Bd2 Bd6 16. c4 Ne7 17. Bc3 Qc7 18. Rfe1 Rad8 19. Rad1 Bxe5 20.
Qxe5 Qxe5 21. dxe5 b6 22. Kf1 Ng6 23. g3 h6 24. Ke2 Kh7 25. Kf3 Ne7 26. Ke4
Kg6 27. Kf4 Rh8 28. b4 b5 29. Ke4 bxc4 30. Rd4 Rd5 31. Rxc4 Rhd8 32. Bd4
f5+ 33. exf6 gxf6 34. Bc3 Rd3 35. Re3 Rd1 36. Re1 R1d3 37. Re3 1/2-1/2

[Event "13th Goodricke"]
[Site "Calcutta IND"]
[Date "2002.03.22"]
[Round "6"]
[White "Mohota,N"]
[Black "Ravi,L"]
[Result "1/2-1/2"]
[WhiteElo "2257"]
[BlackElo "2395"]
[EventDate "2002.03.17"]

1. d4 Nf6 2. c4 e6 3. Nc3 Bb4 4. e3 b6 5. Nge2 c5 6. a3 Ba5 7. Rb1 Na6 8.
Bd2 O-O 9. Ng3 Bb7 10. Bd3 d5 11. cxd5 cxd4 12. exd4 Bxc3 13. bxc3 Qxd5 14.
f3 Nc5 15. Bc2 Ncd7 16. O-O Ba6 17. Re1 Rac8 18. Ne4 Qc6 19. Rc1 Bc4 20.
Bf4 Nxe4 21. Bxe4 Bd5 22. c4 Bxe4 23. Rxe4 Nf6 24. Re5 Rfd8 25. Be3 h6 26.
a4 Nd7 27. Rb5 a6 28. Rb4 Qd6 29. Qb3 e5 30. d5 Nc5 31. Qb1 Rb8 32. Rc2 a5
33. Rb5 Nxa4 34. Qa1 Nc5 35. Bxc5 bxc5 36. Rxa5 Rb4 37. Ra8 Rxa8 38. Qxa8+
Kh7 39. Qa2 f5 40. Re2 Kg6 41. Qc2 Kf6 42. f4 e4 43. Qc3+ Kf7 44. g4 Qf6
45. Qxf6+ Kxf6 46. Rc2 Rb1+ 47. Kf2 Rd1 48. Ra2 Rd4 49. Ra6+ Kf7 50. Ra7+
Kf6 51. Ra6+ Kf7 52. Ra7+ Kf6 53. Ra6+ 1/2-1/2

[Event "13th Goodricke"]
[Site "Calcutta IND"]
[Date "2002.03.22"]
[Round "6"]
[White "Sharma,D"]
[Black "Dhar,S"]
[Result "1-0"]
[WhiteElo "2380"]
[BlackElo "2193"]
[EventDate "2002.03.17"]

1. e4 e6 2. d4 d5 3. Nc3 Bb4 4. e5 c5 5. a3 Bxc3+ 6. bxc3 Ne7 7. Qg4 O-O 8.
Bd3 Nbc6 9. Qh5 Ng6 10. Nf3 c4 11. Ng5 h6 12. Nxf7 Rxf7 13. Bxg6 Rf8 14.
Qe2 b5 15. h4 a5 16. Bh5 Bd7 17. g3 b4 18. O-O bxc3 19. Qe3 Qb6 20. Rd1 a4
21. f4 Qa5 22. Qe1 Rab8 23. Be3 Rb2 24. Rdc1 Rfb8 25. Bf2 Na7 26. Qe3 Nb5
27. f5 Rf8 28. f6 Qd8 29. fxg7 Kxg7 30. Qe2 Be8 31. Be3 Rf5 32. Bg4 Rf8 33.
Bxe6 Bg6 34. h5 Be4 35. Qg4+ Kh7 36. Rf1 Rxc2 37. Bf5+ Rxf5 38. Rxf5 Qg8
39. Qf4 Qe6 40. Rf6 1-0

[Event "13th Goodricke"]
[Site "Calcutta IND"]
[Date "2002.03.22"]
[Round "6"]
[White "Roy Chowdhury,S"]
[Black "Palit,S"]
[Result "1/2-1/2"]
[WhiteElo "2358"]
[BlackElo "2257"]
[EventDate "2002.03.17"]

1. d4 d5 2. Nf3 Nf6 3. Bf4 e6 4. e3 c5 5. c3 Bd6 6. Bxd6 Qxd6 7. Be2 O-O 8.
Ne5 Nc6 9. f4 Nd7 10. Bd3 f5 11. Nd2 Ndxe5 12. fxe5 Qe7 13. O-O b6 14. Qe2
a5 15. Rf2 c4 16. Bc2 b5 17. Raf1 Bd7 18. Qd1 b4 19. Ba4 Na7 20. Nb1
1/2-1/2

[Event "13th Goodricke"]
[Site "Calcutta IND"]
[Date "2002.03.22"]
[Round "6"]
[White "Ghader Pour,S"]
[Black "Girinath,P"]
[Result "1/2-1/2"]
[WhiteElo "2055"]
[BlackElo "2336"]
[EventDate "2002.03.17"]

1. e4 e6 2. d4 d5 3. Nd2 c5 4. exd5 exd5 5. Ngf3 Nc6 6. c3 c4 7. Ne5 Nf6 8.
Be2 Be7 9. O-O O-O 10. b3 cxb3 11. axb3 Qb6 12. Ba3 Bxa3 13. Rxa3 Re8 14.
Ndf3 Ne4 15. Qc2 f6 16. Nxc6 bxc6 17. c4 Bg4 18. c5 Qc7 19. b4 Re7 20. b5
cxb5 21. Bxb5 Rd8 22. Ne1 Ng5 23. f3 Bd7 24. Bd3 g6 25. Qa2 Bc8 26. Nc2 Kf8
27. Ra1 a6 28. Nb4 Qf4 29. Nc6 Rde8 30. Nxe7 Qxd4+ 31. Qf2 Qxf2+ 32. Kxf2
Rxe7 33. Bxa6 Be6 34. Rb1 Rc7 35. Rc1 Nf7 36. Rb3 Nd8 37. Rb6 Ke7 38. Bb5
Bc8 39. Rd6 Be6 40. Ke3 Rxc5 41. Rxc5 Kxd6 42. Rc1 g5 43. Bd3 h6 44. Bb5
Bf5 45. Ra1 Ne6 46. g3 d4+ 47. Ke2 Nc5 48. Ra8 Nb3 49. Bc4 Nc5 50. Rd8+ Nd7
51. Bd3 Ke7 52. Rh8 Bxd3+ 53. Kxd3 Ne5+ 54. Kxd4 Nxf3+ 55. Ke4 Nxh2 56.
Rxh6 Ng4 57. Rh8 Ke6 58. Re8+ Kf7 59. Ra8 Kg6 60. Ra6 Ne5 61. Rb6 Nc4 62.
Rc6 Ne5 63. Ra6 Ng4 64. Re6 Ne5 65. Rd6 Ng4 66. Rc6 Ne5 67. Rc1 Ng4 68. Rf1
Kf7 69. Ra1 Kg6 70. Kd5 Ne3+ 71. Ke6 Nf5 72. Ra3 Nd4+ 73. Kd5 Nf5 74. Ke4
Nd6+ 75. Kf3 Nc4 76. Rc3 Ne5+ 77. Ke4 Ng4 78. Rc5 Ne5 79. Rc8 Ng4 80. Kd5
Ne3+ 81. Ke6 Nf5 82. Rc3 Ng7+ 83. Kd5 g4 84. Ke4 Nh5 85. Ra3 f5+ 86. Ke5
Kg5 87. Rb3 f4 88. gxf4+ Nxf4 89. Rb1 Nh3 90. Ke4 Nf2+ 91. Ke3 Nh3 92. Ke4
Nf2+ 93. Ke3 Nh3 94. Ke2 Kh4 95. Kf1 Kg3 96. Rb4 Nf4 97. Rb3+ Kh2 98. Rb2+
Kg3 99. Rb3+ Kh2 100. Rb2+ Kg3 101. Rf2 Nh3 102. Rg2+ Kf3 103. Ra2 Kg3 104.
Rg2+ Kf3 105. Rxg4 1/2-1/2

[Event "13th Goodricke"]
[Site "Calcutta IND"]
[Date "2002.03.22"]
[Round "6"]
[White "Ramaswamy,A"]
[Black "Sangma,R"]
[Result "1-0"]
[WhiteElo "2320"]
[BlackElo "2180"]
[EventDate "2002.03.17"]

1. e4 e6 2. d4 d5 3. Nd2 Nf6 4. e5 Nfd7 5. c3 c5 6. Bd3 Nc6 7. Ngf3 cxd4 8.
cxd4 Qb6 9. O-O Nxd4 10. Nxd4 Qxd4 11. Nf3 Qb6 12. Qa4 Qb4 13. Qc2 Nc5 14.
Bd2 Qa4 15. b3 Qc6 16. Bxh7 Bd7 17. Rac1 Qb6 18. Ng5 Be7 19. Rfe1 Rc8 20.
Qb1 Bxg5 21. Bxg5 Qb4 22. h4 Bc6 23. Red1 Nd7 24. Re1 Nc5 25. Qc2 b6 26.
Bd3 Bb5 27. Qd2 1-0

[Event "13th Goodricke"]
[Site "Calcutta IND"]
[Date "2002.03.23"]
[Round "7"]
[White "Swathi,G"]
[Black "Sandipan,C"]
[Result "0-1"]
[WhiteElo "2362"]
[BlackElo "2452"]
[EventDate "2002.03.17"]

1. e4 c5 2. Nf3 e6 3. d4 cxd4 4. Nxd4 Nf6 5. Nc3 d6 6. Be2 Be7 7. O-O O-O
8. f4 Nc6 9. Be3 a6 10. Qe1 Bd7 11. a4 Nxd4 12. Bxd4 Bc6 13. Qg3 g6 14. Bd3
b5 15. Rfe1 b4 16. Nd1 Nh5 17. Qf2 Nxf4 18. Qxf4 e5 19. Qd2 exd4 20. Qxb4
d5 21. Qxd4 Qa5 22. Ne3 dxe4 23. Ng4 h5 24. Nf6+ Bxf6 25. Qxf6 Qb6+ 26. Kh1
exd3 0-1

[Event "13th Goodricke"]
[Site "Calcutta IND"]
[Date "2002.03.23"]
[Round "7"]
[White "Shariyazdanov,A"]
[Black "Gleizerov,E"]
[Result "1/2-1/2"]
[WhiteElo "2532"]
[BlackElo "2587"]
[EventDate "2002.03.17"]

1. c4 e5 2. Nc3 Nc6 3. g3 g6 4. Bg2 Bg7 5. Nf3 Nf6 6. O-O O-O 7. d3 d6 8.
Rb1 a5 9. Bg5 h6 10. Bxf6 Bxf6 11. a3 Bg7 12. b4 axb4 13. axb4 Ne7 14. b5
c6 15. Qc2 Be6 16. Nd2 d5 1/2-1/2

[Event "13th Goodricke"]
[Site "Calcutta IND"]
[Date "2002.03.23"]
[Round "7"]
[White "Yegiazarian,A"]
[Black "Ovsejevitsch,S"]
[Result "1/2-1/2"]
[WhiteElo "2567"]
[BlackElo "2529"]
[EventDate "2002.03.17"]

1. e4 e5 2. Nf3 Nc6 3. Bb5 Nf6 4. d3 Bc5 5. c3 O-O 6. O-O d5 7. Qe2 dxe4 8.
dxe4 Qe7 9. Bxc6 bxc6 10. Be3 Nxe4 11. Bxc5 Nxc5 12. Qxe5 Qxe5 13. Nxe5 Ba6
14. Re1 Rfe8 15. Nd2 Na4 16. Nec4 f6 17. f3 Rad8 18. Rxe8+ Rxe8 19. Na5 Re2
20. Ndb3 Nxb2 21. Nxc6 Nd3 22. Nbd4 Rb2 23. g3 Bc4 24. a4 a6 25. Na5 Bd5
26. c4 Ba8 27. Ra3 Ne5 28. Rb3 Rxb3 29. Ndxb3 Nxf3+ 30. Kf2 Nxh2 31. Nc5
Ng4+ 32. Ke2 h5 33. Nxa6 g5 34. Nxc7 Be4 35. Nb3 h4 36. gxh4 gxh4 37. Nd2
Bc6 38. a5 h3 39. Kf1 h2 1/2-1/2

[Event "13th Goodricke"]
[Site "Calcutta IND"]
[Date "2002.03.23"]
[Round "7"]
[White "Barua,D"]
[Black "Sermek,D"]
[Result "1/2-1/2"]
[WhiteElo "2515"]
[BlackElo "2595"]
[EventDate "2002.03.17"]

1. e4 c5 2. Nf3 e6 3. d4 cxd4 4. Nxd4 Nf6 5. Nc3 Nc6 6. Ndb5 d6 7. Bf4 e5
8. Bg5 a6 9. Na3 b5 10. Bxf6 gxf6 11. Nd5 f5 12. c3 Bg7 13. exf5 Bxf5 14.
Nc2 O-O 15. Nce3 Be6 16. Bd3 f5 17. a4 b4 18. O-O Kh8 19. Bc2 bxc3 20. bxc3
Ne7 21. Rb1 Nxd5 22. Nxd5 Rc8 23. Rb7 Rc5 24. Bb3 Qa8 25. Nc7 Qxb7 26. Nxe6
Rxc3 27. Bd5 Qe7 28. Nxf8 Qxf8 29. Qh5 Rc5 30. Rd1 e4 31. g3 a5 32. Qf7
Qxf7 33. Bxf7 Be5 34. Be6 f4 35. gxf4 Bxf4 36. Rd5 Rc1+ 37. Kg2 Rc2 38. Rd4
Be3 39. Rxe4 Bxf2 40. Rg4 Bd4+ 41. Kf3 Rc3+ 42. Kg2 Bg7 43. Rc4 1/2-1/2

[Event "13th Goodricke"]
[Site "Calcutta IND"]
[Date "2002.03.23"]
[Round "7"]
[White "Sherbakov,R"]
[Black "Prakash,G"]
[Result "1-0"]
[WhiteElo "2539"]
[BlackElo "2451"]
[EventDate "2002.03.17"]

1. d4 d5 2. c4 c6 3. Nf3 Nf6 4. Nc3 e6 5. Bg5 Nbd7 6. cxd5 exd5 7. e3 Be7
8. Qc2 O-O 9. Bd3 Re8 10. O-O g6 11. h3 Nf8 12. Bh6 Ne6 13. Ne5 Ng7 14. g4
Nd7 15. f4 Nxe5 16. fxe5 Be6 17. Qf2 Bg5 18. Bxg5 Qxg5 19. Kh2 h5 20. Qf4
Qxf4+ 21. Rxf4 hxg4 22. hxg4 Bd7 23. Raf1 Re7 24. Kg3 Ne6 25. Rf6 Kg7 26.
Ne2 c5 27. Nf4 Nxf4 28. exf4 cxd4 29. Rd6 Bc6 30. b4 a6 31. Kh4 Rh8+ 32.
Kg5 Rh3 33. Bxa6 Ra3 34. Be2 Rxa2 35. Bf3 Rb2 36. Bxd5 Bxd5 37. Rxd5 Rxb4
38. Rd1 d3 39. R1xd3 Re4 40. Rc3 Re8 41. Rc7 b6 42. Rd6 Kg8 43. Rxb6 Rf8
44. Rf6 Re2 45. Re7 Re1 46. e6 1-0

[Event "13th Goodricke"]
[Site "Calcutta IND"]
[Date "2002.03.23"]
[Round "7"]
[White "Ghaem Maghami,E"]
[Black "Koneru,H"]
[Result "1-0"]
[WhiteElo "2513"]
[BlackElo "2539"]
[EventDate "2002.03.17"]

1. e4 c6 2. d4 d5 3. e5 Bf5 4. Nf3 e6 5. a3 Nd7 6. Be2 h6 7. O-O Ne7 8.
Nbd2 Bh7 9. c4 dxc4 10. Nxc4 Nd5 11. Bd3 Bxd3 12. Qxd3 N7b6 13. Na5 Qd7 14.
b4 Be7 15. Re1 O-O 16. Re4 f5 17. exf6 Bxf6 18. Bd2 Rae8 19. Rae1 Nc8 20.
Qe2 b6 21. Nc4 Nc7 22. Nfe5 Qd5 23. Qg4 b5 24. Na5 Nd6 25. R4e2 Nf5 26.
Naxc6 Bxe5 27. Nxe5 Qxd4 28. h3 Nd5 29. Nd7 Nf6 30. Nxf6+ Qxf6 31. Kh1 Rf7
32. Bc1 Rd7 33. Bb2 Qf7 34. Qe4 a6 35. Be5 Rc8 36. Rc2 Rxc2 37. Qxc2 Nd6
38. Qc6 Nc4 39. Bg3 e5 40. Qxa6 Qd5 41. a4 bxa4 42. Qxa4 e4 43. Qc2 Qd3 44.
Qa2 Kh7 45. Rc1 Rd4 46. b5 e3 47. fxe3 Qxe3 48. Qc2+ Qe4 49. Qxe4+ Rxe4 50.
Bc7 1-0

[Event "13th Goodricke"]
[Site "Calcutta IND"]
[Date "2002.03.23"]
[Round "7"]
[White "Bakre,T"]
[Black "Shetty,R"]
[Result "1/2-1/2"]
[WhiteElo "2477"]
[BlackElo "2335"]
[EventDate "2002.03.17"]

1. Nf3 d5 2. b3 Bg4 3. Bb2 Bxf3 4. gxf3 Nf6 5. e3 c5 6. f4 e6 7. Qf3 Nc6 8.
Nc3 g6 9. Rg1 Bg7 10. Na4 Rc8 11. Bxf6 Bxf6 12. c3 Qa5 13. Qd1 O-O 14. Be2
d4 15. Rc1 Rfd8 16. Qc2 Ne7 17. Bf3 b5 18. Nxc5 dxc3 1/2-1/2

[Event "13th Goodricke"]
[Site "Calcutta IND"]
[Date "2002.03.23"]
[Round "7"]
[White "Ravi,T"]
[Black "Mahesh Chandran,P"]
[Result "1/2-1/2"]
[WhiteElo "2357"]
[BlackElo "2436"]
[EventDate "2002.03.17"]

1. e4 e6 2. d4 d5 3. Nd2 Nf6 4. e5 Nfd7 5. f4 c5 6. Ndf3 Nc6 7. c3 Qb6 8.
a3 cxd4 9. cxd4 Na5 10. Ne2 Qb3 11. Qd2 b6 12. Nc3 Nc4 13. Qf2 Ba6 14. Nd2
Qc2 15. Qg3 Nxd2 16. Bxa6 Nb3 17. Bd3 Nxa1 18. Bxc2 Nxc2+ 19. Kd1 Nxd4 20.
Qd3 Nc6 21. Nb5 Rc8 22. Be3 Be7 23. Ke2 Nc5 24. Bxc5 bxc5 25. Rc1 O-O 26.
Kf1 Rfd8 27. b3 g6 28. Nd6 Bxd6 29. exd6 Nb8 30. Qb5 c4 31. bxc4 Rxd6 32.
c5 Rdc6 33. Qa5 R8c7 34. g4 Nd7 35. f5 a6 36. Qb4 e5 37. Qb3 d4 38. Qd5 Kg7
39. h4 f6 40. fxg6 hxg6 41. h5 Nxc5 42. hxg6 d3 43. Rc4 e4 44. Qh5 Kg8 45.
Rb4 Ne6 46. Rb8+ Nf8 47. Qh6 Rg7 48. Rxf8+ Kxf8 49. Qh8+ Rg8 50. Qh7 Rg7
51. Qh8+ Rg8 52. Qh7 Rg7 1/2-1/2

[Event "13th Goodricke"]
[Site "Calcutta IND"]
[Date "2002.03.23"]
[Round "7"]
[White "Wong Zi Jing"]
[Black "Al Sayed,Mohamad"]
[Result "1-0"]
[WhiteElo "2256"]
[BlackElo "2413"]
[EventDate "2002.03.17"]

1. e4 c5 2. Nf3 g6 3. d4 Bg7 4. Nc3 cxd4 5. Nxd4 Nc6 6. Be3 Nf6 7. Bc4 d6
8. f3 Qb6 9. Nf5 Qxb2 10. Nxg7+ Kf8 11. Nd5 Nxd5 12. Bxd5 Kxg7 13. O-O Qc3
14. Qc1 h6 15. Rb1 f6 16. Rb3 Qa5 17. Qb2 Qc7 18. f4 b6 19. e5 Bb7 20.
exf6+ exf6 21. Rc3 Qd7 22. Bxc6 Bxc6 23. f5 g5 24. h4 gxh4 25. Qb4 Rag8 26.
Qxh4 Bb7 27. Re1 Qf7 28. Bd4 Kh7 29. Qxf6 Rxg2+ 30. Kf1 Qxf6 31. Bxf6 Rf8
32. Rc7+ Kg8 33. Rxb7 Rg4 34. Re6 Rf4+ 35. Ke2 Rxf5 36. Rg7+ Kh8 37. Bd4
1-0

[Event "13th Goodricke"]
[Site "Calcutta IND"]
[Date "2002.03.23"]
[Round "7"]
[White "Yogesh,G"]
[Black "Sundararajan,K"]
[Result "1-0"]
[WhiteElo "2333"]
[BlackElo "2412"]
[EventDate "2002.03.17"]

1. a3 d5 2. d3 Nf6 3. g3 e5 4. Nf3 Bd6 5. Bg2 O-O 6. O-O c6 7. Nbd2 Bg4 8.
h3 Bh5 9. Qe1 Re8 10. e4 Nbd7 11. Nh4 dxe4 12. Nf5 Bc7 13. dxe4 a5 14. Nc4
b5 15. Nce3 Nc5 16. f3 Bg6 17. h4 Ne6 18. Bd2 Bb6 19. Kh2 Qc7 20. Ng4 Nd7
21. Rd1 f6 22. Bc3 Ndf8 23. Nge3 Rad8 24. Rxd8 Rxd8 25. Bh3 Bf7 26. Qc1 Bd4
27. Qe1 Bxc3 28. Qxc3 Nd4 29. f4 Nfe6 30. fxe5 fxe5 31. Ng4 Bg6 32. Rf2 Rf8
33. Nge3 Be8 34. Qe1 Bd7 35. Ne7+ Kh8 36. Rxf8+ Nxf8 37. Qf2 Qd8 38. Qf7
Nfe6 39. c3 Nf3+ 40. Kg2 Neg5 41. hxg5 Nxg5 42. Ng6+ hxg6 43. Qxd7 1-0

[Event "13th Goodricke"]
[Site "Calcutta IND"]
[Date "2002.03.23"]
[Round "7"]
[White "Konguvel,P"]
[Black "Mohota,N"]
[Result "0-1"]
[WhiteElo "2404"]
[BlackElo "2257"]
[EventDate "2002.03.17"]

1. e4 c6 2. d4 d5 3. Nc3 dxe4 4. Nxe4 Nd7 5. Bc4 Ngf6 6. Ng5 e6 7. Qe2 Nb6
8. Bd3 h6 9. N5f3 c5 10. Be3 Qc7 11. Ne5 Nbd7 12. Ngf3 Bd6 13. O-O-O O-O
14. g4 cxd4 15. Bxd4 Nxe5 16. Nxe5 Rd8 17. Rhg1 Nd7 18. Nxd7 Bxd7 19. g5
hxg5 20. Qh5 f5 21. Bxg7 Bf4+ 22. Kb1 Kxg7 23. Rxg5+ Bxg5 24. Qxg5+ Kf7 25.
Qh5+ Kf6 26. Qh6+ Kf7 27. Be2 Rg8 28. Bh5+ Ke7 29. Qh7+ Kf6 30. Rxd7 Rg1+
31. Bd1 Rxd1+ 0-1

[Event "13th Goodricke"]
[Site "Calcutta IND"]
[Date "2002.03.23"]
[Round "7"]
[White "Ravi,L"]
[Black "Sengupta,D"]
[Result "1/2-1/2"]
[WhiteElo "2395"]
[BlackElo "2292"]
[EventDate "2002.03.17"]

1. d4 e6 2. Nf3 f5 3. g3 Nf6 4. Bg2 Be7 5. O-O O-O 6. c4 d6 7. b4 h6 8. Bb2
g5 9. Nbd2 Qe8 10. Qc2 Qg6 11. Rae1 Nh7 12. Rc1 Nd7 13. a3 h5 14. Ne1 h4
15. e4 g4 16. exf5 exf5 17. Nd3 Bg5 18. Rce1 Ndf6 19. Qc3 Nh5 20. c5 N7f6
21. d5 f4 22. gxf4 Nxf4 23. Nxf4 Bxf4 24. Nc4 Bf5 25. Re6 Bxe6 26. dxe6
Rae8 27. Re1 Re7 28. Bxb7 g3 29. fxg3 hxg3 30. h3 Qf5 31. Bg2 Rxe6 32. Rf1
Qg5 33. Qd4 Be5 34. Nxe5 Qxe5 35. Qd2 Qh5 36. Qf4 Nd7 37. Qxg3+ Rg6 38.
Bd5+ Kh7 39. Be4 Rxf1+ 40. Kxf1 Qd1+ 41. Qe1 Qxe1+ 42. Kxe1 dxc5 43. Bf5
cxb4 44. Bxd7 Rg1+ 45. Kf2 Rd1 46. Bf5+ Kh6 47. Ke3 Re1+ 48. Kd3 Rb1 49.
Kc2 Rxb2+ 50. Kxb2 bxa3+ 51. Kxa3 a5 52. Ka4 c5 53. Kxa5 c4 54. Kb4 c3 55.
Kb3 Kg5 56. Bc8 Kh5 57. Kxc3 Kh6 58. Kd4 Kg7 59. Ke5 Kh8 60. Kf6 1/2-1/2

[Event "13th Goodricke"]
[Site "Calcutta IND"]
[Date "2002.03.23"]
[Round "7"]
[White "Saravanan,V"]
[Black "Abdulla,Al"]
[Result "1/2-1/2"]
[WhiteElo "2393"]
[BlackElo "2432"]
[EventDate "2002.03.17"]

1. e4 c6 2. d4 d5 3. e5 c5 4. dxc5 Nc6 5. Bb5 e6 6. Be3 Nge7 7. c3 Bd7 8.
Bxc6 Nxc6 9. f4 g5 10. fxg5 Nxe5 11. Nf3 Bg7 12. Nxe5 Bxe5 13. Nd2 Bg7 14.
Nf3 O-O 15. O-O Qc7 16. Nh4 Rad8 17. Rf3 Qc6 18. Qf1 e5 19. Nf5 Bxf5 20.
Rxf5 d4 21. cxd4 exd4 22. Bf4 Rd5 23. Bd6 Re8 24. Rxf7 Rxg5 25. Rf3 Qd5 26.
Kh1 Rg4 27. h3 Rge4 28. Rg3 Re3 29. Qb5 R8e6 30. Qd7 Rxg3 31. Qc8+ Kf7 32.
Bxg3 d3 33. Rd1 h5 34. Qc7+ Kg8 35. Qf4 Bxb2 36. Qf3 Qxf3 37. gxf3 Re3 38.
Bf2 Rxf3 1/2-1/2

[Event "13th Goodricke"]
[Site "Calcutta IND"]
[Date "2002.03.23"]
[Round "7"]
[White "Dhar,S"]
[Black "Suvrajit,S"]
[Result "0-1"]
[WhiteElo "2193"]
[BlackElo "2346"]
[EventDate "2002.03.17"]

1. e4 c5 2. Nf3 d6 3. d4 cxd4 4. Nxd4 Nf6 5. Nc3 a6 6. Be2 e5 7. Nb3 Be7 8.
O-O O-O 9. Kh1 Qc7 10. a4 Be6 11. f4 Nbd7 12. f5 Bc4 13. g4 d5 14. g5 Nxe4
15. Nxe4 dxe4 16. f6 Bb4 17. Be3 Rfd8 18. Bxc4 Qxc4 19. Nd2 Bxd2 20. b3
Qxf1+ 21. Qxf1 Bxe3 22. Qf5 Bf4 23. Rd1 Nc5 24. Rxd8+ Rxd8 25. b4 e3 26.
Kg2 g6 27. Qg4 Ne4 28. h4 e2 0-1

[Event "13th Goodricke"]
[Site "Calcutta IND"]
[Date "2002.03.23"]
[Round "7"]
[White "Palit,S"]
[Black "Singh,SV"]
[Result "1/2-1/2"]
[WhiteElo "2257"]
[BlackElo "2299"]
[EventDate "2002.03.17"]

1. e4 Nf6 2. e5 Nd5 3. d4 d6 4. c4 Nb6 5. exd6 exd6 6. Nc3 Be7 7. Nf3 O-O
8. h3 Bf5 9. Be2 Nc6 10. d5 Ne5 11. Nd4 Bd7 12. b3 c5 13. dxc6 Nxc6 14. O-O
Bf6 15. Be3 Nxd4 16. Bxd4 Bc6 17. Re1 Re8 18. Qd2 Bxd4 19. Qxd4 Qg5 20. Bf1
Qc5 21. Rxe8+ Rxe8 22. Rd1 Qxd4 23. Rxd4 Nc8 24. Be2 Kf8 25. Bg4 Ke7 26. f4
Bd7 27. Bf3 Bc6 28. Nd5+ Kf8 29. Kf2 Rd8 30. Ne3 Ne7 31. g4 f6 32. Rd2 Ke8
33. Nc2 Bxf3 34. Kxf3 d5 35. c5 Rc8 36. b4 b6 37. cxb6 axb6 38. Ne3 Rc3 39.
Kf2 Ra3 40. Nxd5 Nxd5 41. Rxd5 Rxa2+ 42. Kf3 Ra3+ 43. Ke4 Rxh3 44. Rd6 Rg3
45. Kf5 Ke7 46. Rxb6 g6+ 47. Ke4 Rxg4 48. Kf3 Rg1 49. Rb7+ Ke6 50. Rxh7 Kf5
51. Rc7 Rf1+ 52. Kg3 Rg1+ 53. Kf3 Rf1+ 54. Kg3 Rb1 55. Rc5+ Ke4 56. Rc4+
Ke3 57. Rc3+ Kd4 58. Rc6 f5 59. Kf3 Rb3+ 60. Kf2 Rxb4 61. Rxg6 Ke4 62. Ra6
Kxf4 63. Ra3 Rb2+ 64. Kf1 Kg4 65. Rc3 f4 66. Ra3 Rb1+ 67. Kf2 Rb2+ 68. Kf1
Rh2 69. Kg1 Rh8 70. Kf1 Rb8 71. Kf2 Rb1 72. Rc3 Rb4 73. Ra3 Rd4 74. Rb3
Rd2+ 75. Kf1 Ra2 76. Rc3 Kf5 77. Rb3 Ke4 78. Rb4+ Ke5 79. Rb5+ Ke4 80. Rb4+
Kf3 81. Rb3+ Kg4 82. Rc3 Ra1+ 83. Kf2 Rh1 84. Ra3 Rh2+ 85. Kg1 Rb2 86. Kf1
Rb4 87. Kf2 Rb5 88. Kg2 Rb2+ 89. Kf1 Kf5 90. Ra5+ Kg4 91. Ra3 Rb1+ 92. Kf2
Rh1 93. Kg2 Rc1 94. Kf2 Rb1 95. Rc3 Rb2+ 96. Kf1 Kf5 97. Ra3 Rb4 98. Kf2
Ke4 99. Kf1 Rd4 100. Kf2 Rb4 101. Ke2 Rb2+ 102. Kf1 Kd4 103. Ra4+ Ke5 104.
Ra5+ Ke4 105. Ra4+ Kf5 106. Ra5+ Kg4 107. Ra3 Rb1+ 108. Kf2 Rb2+ 109. Kf1
Rh2 110. Kg1 Rh7 111. Kf2 Rh1 112. Kg2 Rc1 113. Kf2 Rc2+ 114. Kg1 Rb2 115.
Rc3 Rb1+ 116. Kf2 Ra1 117. Rb3 Ra2+ 118. Kf1 Ra1+ 119. Kf2 Ra2+ 120. Kf1
Rh2 121. Kg1 Rd2 122. Kf1 Rc2 123. Ra3 Rb2 124. Rc3 Ra2 125. Rb3 Ra1+ 126.
Kf2 Ra2+ 127. Kf1 Rc2 128. Ra3 Rb2 129. Rc3 Kh4 130. Ra3 Rh2 131. Kg1 Rb2
132. Kf1 Kg4 133. Rc3 Ra2 134. Rb3 Ra1+ 135. Kf2 Ra2+ 136. Kf1 Ra1+ 137.
Kf2 Ra2+ 1/2-1/2

[Event "13th Goodricke"]
[Site "Calcutta IND"]
[Date "2002.03.23"]
[Round "7"]
[White "Visweswaran,K"]
[Black "Ghader Pour,S"]
[Result "1-0"]
[WhiteElo "2310"]
[BlackElo "2055"]
[EventDate "2002.03.17"]

1. e4 c5 2. Nf3 d6 3. d4 cxd4 4. Nxd4 Nf6 5. Nc3 a6 6. Be2 e5 7. Nb3 Be7 8.
Be3 O-O 9. O-O b6 10. Qd2 Bb7 11. Bf3 Nbd7 12. Rfd1 b5 13. a4 b4 14. Nd5
Nxd5 15. exd5 a5 16. g3 f5 17. Bg2 Bf6 18. Rab1 Ba6 19. f4 Re8 20. Kh1 Rc8
21. Bf1 Bxf1 22. Rxf1 Qc7 23. Rf2 g6 24. Rg2 Bg7 25. Bg1 Nf6 26. Qd3 Qf7
27. Rd1 exf4 28. Nxa5 fxg3 29. Nc4 Ne4 30. hxg3 g5 31. Rf1 Be5 32. g4 Bf4
33. Bh2 Bxh2 34. Rxf5 Qc7 35. Nd2 Qxc2 36. Qxc2 Rxc2 37. Nxe4 Rxg2 38. Nf6+
Kf7 39. Nxe8+ Kxe8 40. Kxg2 Be5 41. Rxe5+ dxe5 42. a5 1-0